| 000 | 01205cam a22003133a 4500 | ||
|---|---|---|---|
| 001 | 1107 | ||
| 005 | 20231123150835.0 | ||
| 020 | _a078073003990 | ||
| 040 |
_aXCX _cXCX _dUPZ _dDLC _beng |
||
| 050 | 0 | 0 | _aPZ7.P915 |
| 082 | _a511 | ||
| 100 | 1 | _aPreller, James | |
| 245 | 1 | 4 |
_aThe case of the ghostwriter / _cby James Preller ; illustrated by Jamie Smith ; cover illustration by R.W. Alley. |
| 250 | _aFirst printing, August 2004 | ||
| 260 |
_aNew York : _bScholastic, _c2000 |
||
| 300 |
_a74 pages : _billustrations ; _c20 cm |
||
| 490 | 1 |
_aA Jigsaw Jones mystery ; _vBook 10 |
|
| 500 | _a"A Little apple paperback." | ||
| 505 | _aG | ||
| 520 | _aWhen Ms. Gleason announces that a surprise author will be visiting the class, but will not reveal the author's name, the class hires detectives Jigsaw and Mila to discover the author's identity and solve the case. | ||
| 521 |
_a350
_bLexile |
||
| 521 |
_aG
_bRaz-Plus |
||
| 650 | 0 | _aDetective and mystery stories. | |
| 655 | 7 |
_aChildren's stories. _2lcsh |
|
| 700 | 1 |
_aSmith, Jamie _d1971- _eillustrator |
|
| 700 | 1 |
_aAlley, R. W. _d1955- _ecover illustrator |
|
| 906 |
_a7 _bcbc _ccopycat _d2 _encip _f20 _gy-genrareb |
||
| 942 |
_2ddc _cBK _n0 |
||
| 999 |
_c1107 _d1107 |
||